| 000 | 00350nam a22001457a 4500 | ||
|---|---|---|---|
| 020 | _a81-8204-026-4 | ||
| 082 |
_a650 _bAGG |
||
| 100 | _aAGGARWAL, D.K | ||
| 245 | _aBANQUIT MANAGEMENT & ROOM DIVISION | ||
| 260 |
_aDELHI _bAMAN PUBLISHER _c2006 |
||
| 300 | _a242 | ||
| 650 | _aBANQUIT MANAGEMENT | ||
| 653 | _aBANQUIT,ROOM DIVISION | ||
| 942 |
_2ddc _cBK |
||
| 999 |
_c8101 _d8101 |
||